Регионална библиотека "Любен Каравелов" - Русе

Книгата на Хаде (Запис номер 154092)

MARC детайли
000 -Лидер
Контролно поле с фиксирана дължина 01335nam a2200361 c 4500
003 - Код на организацията, давaща контролен номер
Контролно поле BLK
005 - Дата и час на последна редакция
Контролно поле 20250304155416.0
008 - Елементи от данни с фиксирана дължина
fixed length control field 180410b bul|||||r ||||||| ||bul||
010 ## - Наследен системен номер
LC control number KNG00160658000
020 ## - Международен стандартен номер на книга ISBN
Международен стандартен номер на книга ISBN 978-954-655-360-7
040 ## - Източник на каталожния запис
Идентификатор на билиотеката - собственик на записа BLK
041 ## - Код за език
Код за езика на текст/звукозапис или на отделно заглавие Български
Код за езика КДБФ Български
072 #7 - Код за тематичната категория
Код организация bullib
Код за тематична категория Н8302
Текст Фантастика Н
080 ## - УДК
Текстов определител УДК Испанска литература
УДК код - определител по УДК 821.134.2
УДК определител -312.9
УДК - код + определител 821.134.2-312.9
100 1# - Редна дума - Автор
Автор Валенти, Лена
Авторска отговорност първи автор
Автор - информация (биография) Кабо Морено, Лорена
R(LIN) 332320
139 ## - Редно поле
Редна дума Валенти, Лена
Авторски знак Вал - В 18
245 10 - Сведения за заглавието
Заглавие Книгата на Хаде
Редно поле (дума) Лена Валенти; прев. Виктория Недева.
257 ## - Страна на издаване
Страна на създаване/издаване Испания
260 ## - Област на издателските данни
Име на издателя, разпространителя и проч. Бард
Година на издаване 2012
Печатница Хасково : Полиграфюг
300 ## - Физическа характеристика
Страници 526 с.
Размери/Мащаб 21 см
380 ## - Жанр
Жанр Худож. лит.
490 1# - СЕРИИ (Колекции)
Име на серия Ванирска сага
№: серия 1
500 ## - Общи забележки
Забележка Ориг. загл.: El libro de Jade / Lena Valenti. - Лена Валенти - псевд. на Lorena Cabo Moreno.
659 ## - Тематичен бюлетин
Тематичен бюлетин Н
700 1# - Други автори (авторска отговорност)
Лично име Недева, Виктория
Автороска отговорност (Описва отношението между автора и произведението) прев.
9 (RLIN) 320291
852 ## - Местоположение
Форматна сигнатура Цб 268791
856 4# - Електронен адрес и достъп
Електронен формат pdf - файл
856 4# - Електронен адрес и достъп
Електронен формат pdf - файл
999 ## - СИСТЕМНИ КОНТРОЛНИ НОМЕРА
Koha biblionumber 154092
Koha biblioitemnumber 154092
942 ## - АРТИКУЛИ
Вид на библиотечния материал Книги
Скрит в OPAC Не
Koha issues (borrowed), all copies 12
944 ## - СЪЗДАВАНЕ И РЕДАКЦИЯ на ЗАПИСА
Създаване/Редакция Създаване
Дата на регистрацията/редакция 14.05.2014
Служител, извършил регистрацията/редакцията 30530
Статус, дата на статуса Минев Младен
944 ## - СЪЗДАВАНЕ И РЕДАКЦИЯ на ЗАПИСА
Създаване/Редакция Редакция
Дата на регистрацията/редакция 24.01.2015
Служител, извършил регистрацията/редакцията Геновева_Генчева
999 ## - СИСТЕМНИ КОНТРОЛНИ НОМЕРА
Koha biblioitemnumber 154092
Наличности
Код за отписване Код за изгубен артикул Код за повреда Коз за рестрикции Код за отдаване Артикулен № Име на библиотеката - собственик Име на библиотеката, в която се намира в момента Статус (Текущо местоположение) Дата на вписване в системата Местоположение - отдел Цена в лева Инвентарен номер Систематично азбучна сигнатура Баркод Номер на екземпляра Цена в евро Служебна бележка Служебен тип на артикула Източник на класификационната схема
  Не е изгубен Не е повреден без рестрикции ползва се в читалня 258214 Регионална библиотека "Любен Каравелов" Русе Регионална библиотека "Любен Каравелов" Русе Хранилище 2014-05-21 Хранилище 19.99 120000777366 Цб 268791 120000777366 1 10.22 Дост: Dp Вид: Д N: 28 Дата: 28.06.2013 Книги  
  Не е изгубен Не е повреден без рестрикции заемане за дома 684069 Регионална библиотека "Любен Каравелов" Русе Регионална библиотека "Любен Каравелов" Русе Заемна - подръчен фонд 2018-12-04 Заемна - подръчен фонд 4.00 120000826395 П 860-31/В 18 120000826395   2.05   Книги Universal Decimal Classification
Vip Innovations Ltd, Rousse, Bulgaria 2025